Quiz Matematyki 100 IQ - Statystyki

Ogólne statystyki
  • Ten quiz został rozwiązany 129 razy
  • Średni wynik to 5 z 5
Statystyki odpowiedzi
Hint Odpowiedź % Poprawnych
29+34 63
99%
71-34 37
98%
192-48 144
94%
57×5 285
94%
748-74 674
93%
Nie znaleziono quizów pasujących do podanych kryteriów
Rozkład punktacji
Procent ludzi z każdym wynikiem
Percentyl według liczby udzielonych odpowiedzi
Twoja historia wyników
Nie rozwiązałeś tego quizu